[Event "DEM U14 2025"]
[Site "Willingen GER"]
[Date "2025.06.14"]
[Round "9"]
[White "Jahn, Gustav"]
[Black "Schröder, Hannes Artur"]
[Result "0-1"]
[Termination "normal"]
[Board "14"]
[WhiteElo "1983"]
[BlackElo "1705"]
[WhiteClock "00:29:20"]
[BlackClock "00:36:03"]
[PlyCount "66"]
[WhiteFideId "34666605"]
[BlackFideId "34608818"]
[EventCountry "GER"]
[EventRounds "9"]
[EventType "swiss"]
[EventDate "2025.06.07"]

1. e4 {[%clk 01:30:57]} {[%emt 00:00:02]} e5 {[%clk 01:30:54]} {[%emt
00:00:07]} 2. Nf3 {[%clk 01:31:23]} {[%emt 00:00:04]} Nc6 {[%clk 01:31:19]}
{[%emt 00:00:05]} 3. Bc4 {[%clk 01:31:49]} {[%emt 00:00:04]} Bc5 {[%clk
01:31:44]} {[%emt 00:00:05]} 4. c3 {[%clk 01:32:14]} {[%emt 00:00:05]} Nf6
{[%clk 01:32:08]} {[%emt 00:00:05]} 5. d3 {[%clk 01:32:39]} {[%emt 00:00:05]}
d6 {[%clk 01:32:10]} {[%emt 00:00:28]} 6. O-O {[%clk 01:33:00]} {[%emt
00:00:10]} h6 {[%clk 01:31:14]} {[%emt 00:01:26]} 7. h3 {[%clk 01:33:12]}
{[%emt 00:00:17]} g5 {[%clk 01:31:17]} {[%emt 00:00:28]} 8. d4 {[%clk
01:29:09]} {[%emt 00:04:33]} Bb6 {[%clk 01:25:54]} {[%emt 00:05:53]} 9. dxe5
{[%clk 01:26:55]} {[%emt 00:02:44]} Nxe5 {[%clk 01:24:46]} {[%emt 00:01:38]}
10. Nxe5 {[%clk 01:26:29]} {[%emt 00:00:55]} dxe5 {[%clk 01:25:11]} {[%emt
00:00:06]} 11. Qxd8+ {[%clk 01:26:14]} {[%emt 00:00:45]} Kxd8 {[%clk 01:25:36]}
{[%emt 00:00:04]} 12. Re1 {[%clk 01:24:49]} {[%emt 00:01:54]} Ke7 {[%clk
01:25:41]} {[%emt 00:00:26]} 13. a4 {[%clk 01:23:46]} {[%emt 00:01:32]} a5
{[%clk 01:24:59]} {[%emt 00:01:12]} 14. Be3 {[%clk 01:21:50]} {[%emt 00:02:26]}
Bxe3 {[%clk 01:22:01]} {[%emt 00:03:28]} 15. Rxe3 {[%clk 01:22:13]} {[%emt
00:00:06]} Rd8 {[%clk 01:21:52]} {[%emt 00:00:39]} 16. f3 {[%clk 01:10:47]}
{[%emt 00:11:56]} Rd1+ {[%clk 01:17:15]} {[%emt 00:05:07]} 17. Kf2 {[%clk
01:10:41]} {[%emt 00:00:36]} Be6 {[%clk 01:15:53]} {[%emt 00:01:53]} 18. Bxe6
{[%clk 01:08:38]} {[%emt 00:02:33]} Kxe6 {[%clk 01:16:18]} {[%emt 00:00:05]}
19. Re1 {[%clk 01:07:46]} {[%emt 00:01:21]} Rad8 {[%clk 01:15:28]} {[%emt
00:01:21]} 20. Ke2 {[%clk 00:46:31]} {[%emt 00:21:45]} Rxe1+ {[%clk 01:14:55]}
{[%emt 00:01:02]} 21. Kxe1 {[%clk 00:46:46]} {[%emt 00:00:15]} Nh5 {[%clk
01:10:48]} {[%emt 00:04:38]} 22. Na3 {[%clk 00:43:56]} {[%emt 00:03:20]} Nf4
{[%clk 01:07:49]} {[%emt 00:03:28]} 23. Nc4 {[%clk 00:42:36]} {[%emt 00:01:50]}
Nxg2+ {[%clk 01:06:30]} {[%emt 00:01:49]} 24. Kf2 {[%clk 00:42:20]} {[%emt
00:00:45]} Nf4 {[%clk 01:06:45]} {[%emt 00:00:16]} 25. Rh1 {[%clk 00:39:43]}
{[%emt 00:03:06]} c6 {[%clk 00:57:31]} {[%emt 00:09:45]} 26. Kg3 {[%clk
00:33:58]} {[%emt 00:06:15]} b5 {[%clk 00:56:01]} {[%emt 00:02:01]} 27. axb5
{[%clk 00:32:26]} {[%emt 00:02:02]} cxb5 {[%clk 00:53:06]} {[%emt 00:03:25]}
28. Ne3 {[%clk 00:32:28]} {[%emt 00:00:28]} Rd2 {[%clk 00:51:14]} {[%emt
00:02:22]} 29. Re1 {[%clk 00:29:42]} {[%emt 00:03:15]} Rxb2 {[%clk 00:50:30]}
{[%emt 00:01:15]} 30. h4 {[%clk 00:30:03]} {[%emt 00:00:09]} gxh4+ {[%clk
00:47:59]} {[%emt 00:03:00]} 31. Kxh4 {[%clk 00:30:25]} {[%emt 00:00:07]} Rh2+
{[%clk 00:45:10]} {[%emt 00:03:19]} 32. Kg4 {[%clk 00:30:44]} {[%emt 00:00:11]}
f6 {[%clk 00:36:13]} {[%emt 00:09:28]} 33. Rb1 {[%clk 00:29:20]} {[%emt
00:01:53]} Rh3 {[%clk 00:36:03]} {[%emt 00:00:40]} 0-1

[Event "DEM U14 2025"]
[Site "Willingen GER"]
[Date "2025.06.14"]
[Round "9"]
[White "Prashanthakumar, Arju"]
[Black "Houben, Maximilian"]
[Result "0-1"]
[Termination "normal"]
[Board "15"]
[WhiteElo "1809"]
[BlackElo "1839"]
[WhiteClock "00:14:35"]
[BlackClock "00:41:02"]
[PlyCount "62"]
[WhiteFideId "34604065"]
[BlackFideId "34632760"]
[EventCountry "GER"]
[EventRounds "9"]
[EventType "swiss"]
[EventDate "2025.06.07"]

1. e4 {[%clk 01:30:57]} {[%emt 00:00:03]} c5 {[%clk 01:29:59]} {[%emt
00:01:01]} 2. Nf3 {[%clk 01:31:19]} {[%emt 00:00:08]} d6 {[%clk 01:30:26]}
{[%emt 00:00:03]} 3. d4 {[%clk 01:31:42]} {[%emt 00:00:06]} cxd4 {[%clk
01:30:53]} {[%emt 00:00:04]} 4. Nxd4 {[%clk 01:32:06]} {[%emt 00:00:06]} Nf6
{[%clk 01:31:20]} {[%emt 00:00:03]} 5. Nc3 {[%clk 01:32:27]} {[%emt 00:00:09]}
a6 {[%clk 01:31:46]} {[%emt 00:00:04]} 6. Rg1 {[%clk 01:32:04]} {[%emt
00:00:53]} e5 {[%clk 01:31:08]} {[%emt 00:01:09]} 7. Nb3 {[%clk 01:31:54]}
{[%emt 00:00:40]} h5 {[%clk 01:24:45]} {[%emt 00:06:53]} 8. h3 {[%clk
01:27:26]} {[%emt 00:04:57]} b5 {[%clk 01:22:26]} {[%emt 00:02:49]} 9. Be3
{[%clk 01:23:57]} {[%emt 00:03:59]} Bb7 {[%clk 01:22:33]} {[%emt 00:00:23]} 10.
Qf3 {[%clk 01:19:26]} {[%emt 00:05:01]} Nbd7 {[%clk 01:17:48]} {[%emt
00:05:15]} 11. g4 {[%clk 01:17:07]} {[%emt 00:02:48]} hxg4 {[%clk 01:17:02]}
{[%emt 00:01:17]} 12. hxg4 {[%clk 01:17:06]} {[%emt 00:00:31]} b4 {[%clk
01:17:18]} {[%emt 00:00:14]} 13. Nd5 {[%clk 01:16:28]} {[%emt 00:01:07]} Nxd5
{[%clk 01:16:35]} {[%emt 00:01:14]} 14. exd5 {[%clk 01:13:40]} {[%emt
00:03:18]} Nb6 {[%clk 01:15:33]} {[%emt 00:01:33]} 15. O-O-O {[%clk 01:10:11]}
{[%emt 00:03:59]} Rc8 {[%clk 01:12:16]} {[%emt 00:03:47]} 16. Na5 {[%clk
01:02:05]} {[%emt 00:08:36]} Qc7 {[%clk 01:12:16]} {[%emt 00:00:30]} 17. Nc6
{[%clk 00:55:50]} {[%emt 00:06:46]} Nxd5 {[%clk 01:11:47]} {[%emt 00:00:58]}
18. Qxd5 {[%clk 00:54:57]} {[%emt 00:01:23]} Bxc6 {[%clk 01:10:21]} {[%emt
00:01:56]} 19. Qd2 {[%clk 00:48:46]} {[%emt 00:06:41]} d5 {[%clk 01:08:01]}
{[%emt 00:02:50]} 20. f4 {[%clk 00:40:41]} {[%emt 00:08:35]} d4 {[%clk
00:53:09]} {[%emt 00:15:22]} 21. Bf2 {[%clk 00:39:29]} {[%emt 00:01:42]} Rh2
{[%clk 00:53:07]} {[%emt 00:00:32]} 22. Bd3 {[%clk 00:34:51]} {[%emt 00:05:08]}
e4 {[%clk 00:52:17]} {[%emt 00:01:20]} 23. Bxa6 {[%clk 00:19:47]} {[%emt
00:15:34]} Ra8 {[%clk 00:50:02]} {[%emt 00:02:45]} 24. Qxd4 {[%clk 00:19:59]}
{[%emt 00:00:17]} Rxa6 {[%clk 00:49:27]} {[%emt 00:01:06]} 25. Bg3 {[%clk
00:20:08]} {[%emt 00:00:21]} Rxc2+ {[%clk 00:42:58]} {[%emt 00:06:59]} 26. Kxc2
{[%clk 00:18:40]} {[%emt 00:01:59]} Ba4+ {[%clk 00:43:18]} {[%emt 00:00:08]}
27. Kd2 {[%clk 00:14:18]} {[%emt 00:04:54]} Rd6 {[%clk 00:40:34]} {[%emt
00:03:14]} 28. Ke1 {[%clk 00:13:25]} {[%emt 00:01:22]} Rxd4 {[%clk 00:40:45]}
{[%emt 00:00:19]} 29. Rxd4 {[%clk 00:13:50]} {[%emt 00:00:05]} Qc1+ {[%clk
00:40:16]} {[%emt 00:00:59]} 30. Kf2 {[%clk 00:14:16]} {[%emt 00:00:04]} Qxb2+
{[%clk 00:40:38]} {[%emt 00:00:08]} 31. Ke3 {[%clk 00:14:35]} {[%emt 00:00:11]}
Bc5 {[%clk 00:41:02]} {[%emt 00:00:05]} 0-1

[Event "DEM U14 2025"]
[Site "Willingen GER"]
[Date "2025.06.14"]
[Round "9"]
[White "Wartenberg, Alexander"]
[Black "Schulz, Robin"]
[Result "1/2-1/2"]
[Termination "normal"]
[Board "16"]
[WhiteElo "1840"]
[BlackElo "1939"]
[WhiteClock "00:19:43"]
[BlackClock "00:07:08"]
[PlyCount "60"]
[WhiteFideId "16280768"]
[BlackFideId "34641912"]
[EventCountry "GER"]
[EventRounds "9"]
[EventType "swiss"]
[EventDate "2025.06.07"]

1. e4 {[%clk 01:30:58]} {[%emt 00:00:01]} c6 {[%clk 01:30:42]} {[%emt
00:00:18]} 2. Nf3 {[%clk 01:31:20]} {[%emt 00:00:08]} d5 {[%clk 01:31:07]}
{[%emt 00:00:05]} 3. Nc3 {[%clk 01:31:45]} {[%emt 00:00:05]} dxe4 {[%clk
01:31:31]} {[%emt 00:00:06]} 4. Nxe4 {[%clk 01:32:09]} {[%emt 00:00:07]} Nf6
{[%clk 01:31:57]} {[%emt 00:00:04]} 5. Qe2 {[%clk 01:32:34]} {[%emt 00:00:05]}
Nxe4 {[%clk 01:32:22]} {[%emt 00:00:05]} 6. Qxe4 {[%clk 01:33:00]} {[%emt
00:00:04]} Be6 {[%emt 00:00:07]} 7. d4 {[%clk 01:30:21]} {[%emt 00:03:07]} Bd5
{[%clk 01:33:10]} {[%emt 00:00:07]} 8. Qd3 {[%clk 01:28:16]} {[%emt 00:02:36]}
Bxf3 {[%clk 01:32:01]} {[%emt 00:01:38]} 9. gxf3 {[%clk 01:28:35]} {[%emt
00:00:11]} e6 {[%clk 01:31:59]} {[%emt 00:00:33]} 10. c3 {[%clk 01:27:55]}
{[%emt 00:01:11]} Bd6 {[%clk 01:29:50]} {[%emt 00:02:39]} 11. Bd2 {[%clk
01:24:18]} {[%emt 00:04:06]} Nd7 {[%clk 01:29:28]} {[%emt 00:00:53]} 12. O-O-O
{[%clk 01:20:32]} {[%emt 00:04:15]} Qf6 {[%clk 01:26:40]} {[%emt 00:03:18]} 13.
h4 {[%clk 01:10:26]} {[%emt 00:10:35]} h6 {[%clk 01:21:47]} {[%emt 00:05:23]}
14. Qe4 {[%clk 01:05:51]} {[%emt 00:05:05]} O-O-O {[%clk 01:19:38]} {[%emt
00:02:39]} 15. c4 {[%clk 01:05:44]} {[%emt 00:00:37]} Rhe8 {[%clk 01:16:50]}
{[%emt 00:03:17]} 16. c5 {[%clk 01:05:43]} {[%emt 00:00:32]} Bc7 {[%clk
01:17:09]} {[%emt 00:00:11]} 17. f4 {[%clk 01:04:33]} {[%emt 00:01:39]} Nf8
{[%clk 01:15:37]} {[%emt 00:02:02]} 18. Be3 {[%clk 01:01:29]} {[%emt 00:03:34]}
Ng6 {[%clk 01:15:49]} {[%emt 00:00:19]} 19. b4 {[%clk 00:58:58]} {[%emt
00:03:01]} Bxf4 {[%clk 01:01:10]} {[%emt 00:15:09]} 20. b5 {[%clk 00:56:09]}
{[%emt 00:03:19]} Bxe3+ {[%clk 01:01:17]} {[%emt 00:00:22]} 21. fxe3 {[%clk
00:56:20]} {[%emt 00:00:18]} e5 {[%clk 01:01:26]} {[%emt 00:00:21]} 22. Bh3+
{[%clk 00:51:48]} {[%emt 00:05:02]} Kb8 {[%clk 01:00:28]} {[%emt 00:01:29]} 23.
Rhf1 {[%clk 00:51:08]} {[%emt 00:01:10]} Qe7 {[%clk 00:44:33]} {[%emt
00:16:26]} 24. bxc6 {[%clk 00:44:44]} {[%emt 00:06:53]} exd4 {[%clk 00:43:28]}
{[%emt 00:01:35]} 25. Qxe7 {[%clk 00:44:01]} {[%emt 00:01:13]} Rxe7 {[%clk
00:43:35]} {[%emt 00:00:23]} 26. cxb7 {[%clk 00:42:31]} {[%emt 00:02:00]} Rxe3
{[%clk 00:43:28]} {[%emt 00:00:37]} 27. Bg2 {[%clk 00:34:12]} {[%emt 00:08:49]}
Ne5 {[%clk 00:23:10]} {[%emt 00:20:48]} 28. c6 {[%clk 00:28:12]} {[%emt
00:06:31]} f6 {[%clk 00:13:47]} {[%emt 00:09:53]} 29. Kb1 {[%clk 00:23:14]}
{[%emt 00:05:28]} Kc7 {[%clk 00:12:09]} {[%emt 00:02:08]} 30. Rf4 {[%clk
00:19:43]} {[%emt 00:04:00]} Nxc6 {[%clk 00:07:08]} {[%emt 00:05:31]} 1/2-1/2

[Event "DEM U14 2025"]
[Site "Willingen GER"]
[Date "2025.06.14"]
[Round "9"]
[White "Lanert, Theodor"]
[Black "Lee, Ho In"]
[Result "0-1"]
[Termination "normal"]
[Board "18"]
[WhiteElo "1793"]
[BlackElo "1868"]
[WhiteClock "00:02:57"]
[BlackClock "00:00:46"]
[PlyCount "80"]
[WhiteFideId "34605576"]
[BlackFideId "34623655"]
[EventCountry "GER"]
[EventRounds "9"]
[EventType "swiss"]
[EventDate "2025.06.07"]

1. Nf3 {[%clk 01:30:39]} {[%emt 00:00:20]} Nf6 {[%clk 01:30:08]} {[%emt
00:00:51]} 2. c4 {[%clk 01:30:30]} {[%emt 00:00:41]} e6 {[%clk 01:29:35]}
{[%emt 00:01:04]} 3. d4 {[%clk 01:29:59]} {[%emt 00:01:01]} d5 {[%clk
01:29:10]} {[%emt 00:00:55]} 4. e3 {[%clk 01:29:48]} {[%emt 00:00:41]} c6
{[%clk 01:28:59]} {[%emt 00:00:41]} 5. Nbd2 {[%clk 01:29:58]} {[%emt 00:00:20]}
Nbd7 {[%clk 01:28:41]} {[%emt 00:00:47]} 6. Bd3 {[%clk 01:28:07]} {[%emt
00:02:20]} Be7 {[%clk 01:28:41]} {[%emt 00:00:30]} 7. O-O {[%clk 01:25:07]}
{[%emt 00:03:31]} O-O {[%clk 01:27:09]} {[%emt 00:02:01]} 8. b3 {[%clk
01:23:47]} {[%emt 00:01:51]} dxc4 {[%clk 01:16:41]} {[%emt 00:10:58]} 9. bxc4
{[%clk 01:21:51]} {[%emt 00:02:26]} c5 {[%clk 01:16:36]} {[%emt 00:00:36]} 10.
Bb2 {[%clk 01:15:55]} {[%emt 00:06:26]} Qc7 {[%clk 01:14:29]} {[%emt 00:02:35]}
11. Rc1 {[%clk 01:14:29]} {[%emt 00:01:56]} Rd8 {[%clk 01:13:50]} {[%emt
00:01:09]} 12. Qc2 {[%clk 01:12:40]} {[%emt 00:02:20]} h6 {[%clk 01:12:51]}
{[%emt 00:01:28]} 13. Rfd1 {[%clk 01:10:40]} {[%emt 00:02:30]} Nf8 {[%clk
01:07:02]} {[%emt 00:06:18]} 14. Ne4 {[%clk 01:07:31]} {[%emt 00:03:39]} N8d7
{[%clk 01:04:28]} {[%emt 00:03:04]} 15. Nc3 {[%clk 01:01:51]} {[%emt 00:06:11]}
Nf8 {[%clk 00:58:22]} {[%emt 00:06:36]} 16. d5 {[%clk 00:46:07]} {[%emt
00:16:14]} a6 {[%clk 00:51:05]} {[%emt 00:07:47]} 17. a4 {[%clk 00:21:58]}
{[%emt 00:24:39]} Bd6 {[%clk 00:26:21]} {[%emt 00:25:13]} 18. Ne4 {[%clk
00:19:43]} {[%emt 00:02:46]} Nxe4 {[%clk 00:22:33]} {[%emt 00:04:18]} 19. Bxe4
{[%clk 00:20:10]} {[%emt 00:00:03]} Bd7 {[%clk 00:21:27]} {[%emt 00:01:35]} 20.
Qc3 {[%clk 00:17:49]} {[%emt 00:02:51]} f6 {[%clk 00:21:22]} {[%emt 00:00:35]}
21. a5 {[%clk 00:17:46]} {[%emt 00:00:33]} Be8 {[%clk 00:17:51]} {[%emt
00:03:55]} 22. Qb3 {[%clk 00:14:30]} {[%emt 00:03:53]} f5 {[%clk 00:12:39]}
{[%emt 00:05:41]} 23. Bd3 {[%clk 00:12:54]} {[%emt 00:02:05]} Bh5 {[%clk
00:12:44]} {[%emt 00:00:25]} 24. Be2 {[%clk 00:12:41]} {[%emt 00:00:43]} Bxh2+
{[%clk 00:12:07]} {[%emt 00:01:07]} 25. Nxh2 {[%clk 00:10:48]} {[%emt
00:02:23]} Bxe2 {[%clk 00:12:27]} {[%emt 00:00:10]} 26. Rd2 {[%clk 00:11:15]}
{[%emt 00:00:03]} Bh5 {[%clk 00:12:43]} {[%emt 00:00:14]} 27. Bc3 {[%clk
00:10:32]} {[%emt 00:01:13]} exd5 {[%clk 00:06:26]} {[%emt 00:06:47]} 28. Rxd5
{[%clk 00:07:40]} {[%emt 00:03:23]} Rxd5 {[%clk 00:03:42]} {[%emt 00:03:14]}
29. cxd5 {[%clk 00:08:08]} {[%emt 00:00:02]} Bf7 {[%clk 00:03:55]} {[%emt
00:00:17]} 30. Bd4 {[%clk 00:04:12]} {[%emt 00:04:26]} Nd7 {[%clk 00:03:41]}
{[%emt 00:00:43]} 31. Qc3 {[%clk 00:04:06]} {[%emt 00:00:37]} Bxd5 {[%clk
00:01:14]} {[%emt 00:02:58]} 32. Bxg7 {[%clk 00:04:03]} {[%emt 00:00:32]} Kh7
{[%clk 00:01:14]} {[%emt 00:00:26]} 33. Bd4 {[%clk 00:03:17]} {[%emt 00:01:20]}
Rg8 {[%clk 00:01:07]} {[%emt 00:00:37]} 34. e4 {[%clk 00:02:39]} {[%emt
00:01:08]} Bxe4 {[%clk 00:00:35]} {[%emt 00:01:01]} 35. f3 {[%clk 00:03:08]}
{[%emt 00:00:01]} Qg3 {[%clk 00:00:42]} {[%emt 00:00:24]} 36. Qd2 {[%clk
00:03:05]} {[%emt 00:00:33]} cxd4 {[%clk 00:00:33]} {[%emt 00:00:39]} 37. fxe4
{[%clk 00:03:03]} {[%emt 00:00:32]} fxe4 {[%emt 00:00:12]} 38. Qf2 {[%clk
00:02:32]} {[%emt 00:00:59]} Qxf2+ {[%clk 00:00:40]} {[%emt 00:00:43]} 39. Kxf2
{[%clk 00:03:01]} Ne5 {[%clk 00:00:42]} {[%emt 00:00:28]} 40. Rc7+ {[%clk
00:02:57]} {[%emt 00:00:34]} Rg7 {[%clk 00:00:46]} {[%emt 00:00:26]} 0-1

[Event "DEM U14 2025"]
[Site "Willingen GER"]
[Date "2025.06.14"]
[Round "9"]
[White "Leonhardt, Max"]
[Black "Svanidze, Alexander"]
[Result "0-1"]
[Termination "normal"]
[Board "19"]
[WhiteElo "1785"]
[BlackElo "1720"]
[WhiteClock "00:39:05"]
[BlackClock "00:06:27"]
[PlyCount "92"]
[WhiteFideId "34623647"]
[BlackFideId "34623469"]
[EventCountry "GER"]
[EventRounds "9"]
[EventType "swiss"]
[EventDate "2025.06.07"]

1. Nf3 {[%clk 01:30:57]} {[%emt 00:00:02]} Nf6 {[%clk 01:30:56]} {[%emt
00:00:04]} 2. g3 {[%clk 01:31:22]} {[%emt 00:00:05]} e6 {[%clk 01:31:23]}
{[%emt 00:00:04]} 3. d4 {[%clk 01:31:41]} {[%emt 00:00:10]} d5 {[%clk
01:31:41]} {[%emt 00:00:13]} 4. Bg2 {[%clk 01:31:39]} {[%emt 00:00:32]} b6
{[%clk 01:31:41]} {[%emt 00:00:31]} 5. O-O {[%clk 01:31:21]} {[%emt 00:00:47]}
Be7 {[%clk 01:31:37]} {[%emt 00:00:34]} 6. c4 {[%clk 01:31:27]} {[%emt
00:00:24]} Bb7 {[%clk 01:31:44]} {[%emt 00:00:22]} 7. cxd5 {[%clk 01:29:59]}
{[%emt 00:01:58]} exd5 {[%clk 01:31:24]} {[%emt 00:00:51]} 8. Nc3 {[%clk
01:30:02]} {[%emt 00:00:26]} O-O {[%clk 01:31:24]} {[%emt 00:00:30]} 9. b3
{[%clk 01:29:04]} {[%emt 00:01:28]} c5 {[%clk 01:29:51]} {[%emt 00:02:04]} 10.
Ba3 {[%clk 01:26:44]} {[%emt 00:02:50]} Nc6 {[%clk 01:19:24]} {[%emt 00:10:56]}
11. Rc1 {[%clk 01:19:35]} {[%emt 00:07:39]} Rc8 {[%clk 01:15:46]} {[%emt
00:04:09]} 12. e3 {[%clk 01:14:58]} {[%emt 00:05:07]} Re8 {[%clk 01:12:49]}
{[%emt 00:03:26]} 13. Re1 {[%clk 01:10:46]} {[%emt 00:04:42]} cxd4 {[%clk
01:03:38]} {[%emt 00:09:42]} 14. Bxe7 {[%clk 01:10:55]} {[%emt 00:00:20]} Rxe7
{[%clk 01:03:31]} {[%emt 00:00:37]} 15. Nxd4 {[%clk 01:11:06]} {[%emt
00:00:19]} Nxd4 {[%clk 01:03:33]} {[%emt 00:00:28]} 16. Qxd4 {[%clk 01:11:17]}
{[%emt 00:00:18]} Qd7 {[%clk 00:48:34]} {[%emt 00:15:29]} 17. Red1 {[%clk
01:09:45]} {[%emt 00:02:02]} Kf8 {[%clk 00:42:14]} {[%emt 00:06:50]} 18. e4
{[%clk 01:04:14]} {[%emt 00:06:02]} dxe4 {[%clk 00:35:09]} {[%emt 00:07:36]}
19. Qb4 {[%clk 00:55:09]} {[%emt 00:09:35]} Qe8 {[%clk 00:33:45]} {[%emt
00:01:53]} 20. Nb5 {[%clk 00:54:05]} {[%emt 00:01:34]} Nd5 {[%clk 00:20:42]}
{[%emt 00:13:32]} 21. Rxc8 {[%clk 00:50:50]} {[%emt 00:03:46]} Nxb4 {[%clk
00:18:52]} {[%emt 00:02:20]} 22. Rxe8+ {[%clk 00:51:13]} {[%emt 00:00:07]} Rxe8
{[%clk 00:19:13]} {[%emt 00:00:08]} 23. a3 {[%clk 00:50:15]} {[%emt 00:01:29]}
Nc2 {[%clk 00:15:43]} {[%emt 00:04:00]} 24. Rd2 {[%clk 00:49:33]} {[%emt
00:01:11]} Ne1 {[%clk 00:15:22]} {[%emt 00:00:52]} 25. Nd6 {[%clk 00:48:27]}
{[%emt 00:01:37]} Rd8 {[%clk 00:14:56]} {[%emt 00:00:56]} 26. Bh1 {[%clk
00:46:53]} {[%emt 00:02:03]} Nf3+ {[%clk 00:12:16]} {[%emt 00:03:09]} 27. Bxf3
{[%clk 00:47:16]} {[%emt 00:00:07]} exf3 {[%clk 00:12:42]} {[%emt 00:00:04]}
28. Nc4 {[%clk 00:47:14]} {[%emt 00:00:33]} Rxd2 {[%clk 00:13:06]} {[%emt
00:00:06]} 29. Nxd2 {[%clk 00:47:38]} {[%emt 00:00:06]} Bd5 {[%clk 00:13:27]}
{[%emt 00:00:09]} 30. Kf1 {[%clk 00:47:01]} {[%emt 00:01:06]} Ke7 {[%clk
00:13:45]} {[%emt 00:00:12]} 31. Ke1 {[%clk 00:46:29]} {[%emt 00:01:02]} Kd6
{[%clk 00:13:48]} {[%emt 00:00:28]} 32. b4 {[%clk 00:46:35]} {[%emt 00:00:23]}
Ke5 {[%clk 00:13:41]} {[%emt 00:00:37]} 33. Nb1 {[%clk 00:45:26]} {[%emt
00:01:40]} Kd4 {[%clk 00:13:44]} {[%emt 00:00:27]} 34. Kd2 {[%clk 00:45:47]}
{[%emt 00:00:09]} a6 {[%clk 00:13:36]} {[%emt 00:00:38]} 35. Nc3 {[%clk
00:45:44]} {[%emt 00:00:33]} Bc6 {[%clk 00:13:59]} {[%emt 00:00:08]} 36. Kc2
{[%clk 00:44:58]} {[%emt 00:01:16]} Kc4 {[%clk 00:09:50]} {[%emt 00:04:39]} 37.
Kb2 {[%clk 00:42:21]} {[%emt 00:03:06]} Kd3 {[%clk 00:10:05]} {[%emt 00:00:14]}
38. Kb3 {[%clk 00:42:19]} {[%emt 00:00:33]} b5 {[%clk 00:10:25]} {[%emt
00:00:11]} 39. Nd1 {[%clk 00:40:25]} {[%emt 00:02:24]} Bd5+ {[%clk 00:09:59]}
{[%emt 00:00:55]} 40. Kb2 {[%clk 00:40:47]} {[%emt 00:00:09]} Be6 {[%clk
00:09:29]} {[%emt 00:00:59]} 41. Nc3 {[%clk 00:40:44]} {[%emt 00:00:33]} Bc4
{[%clk 00:08:00]} {[%emt 00:01:59]} 42. h4 {[%clk 00:40:20]} {[%emt 00:00:53]}
h5 {[%clk 00:08:14]} {[%emt 00:00:16]} 43. Nd1 {[%clk 00:38:53]} {[%emt
00:01:58]} Ke2 {[%clk 00:08:03]} {[%emt 00:00:41]} 44. Kc1 {[%clk 00:39:07]}
{[%emt 00:00:15]} Be6 {[%clk 00:06:41]} {[%emt 00:01:52]} 45. Nc3+ {[%clk
00:38:40]} {[%emt 00:00:58]} Kxf2 {[%clk 00:06:36]} {[%emt 00:00:35]} 46. Ne4+
{[%clk 00:39:05]} {[%emt 00:00:05]} Ke3 {[%clk 00:06:27]} {[%emt 00:00:38]} 0-1